000 00367nam a2200121Ia 4500
008 190216s9999||||xx |||||||||||||| ||und||
100 _aCompetition Success Review Editorial Board
245 0 _aMathematics For Admission Test To Engineering Colleges
260 _b"Competition Review Pvt Ltd,Newdelhi"
_c1991
300 _a200p
650 _aMathematics
942 _cREF
999 _c36134
_d36134